Szczegóły MARC21

Gospodarka budżetowa państwa : zagadnienia prawne /

003 -Nazwa inst., której nr kontr. jest w polu 001 [,]
    • @
    • Nazwa instytucji, której n kontrolny jest w polu 001
    • NUKAT
005 -DATA I CZAS OSTATNIEJ MODYFIKACJI [,]
    • @
    • pole kontrolne
    • 20241231094948.0
020 -Międzynarod. znormalizowany nr książki - ISBN [ , ]
    • a
    • Numer ISBN
    • 8372850739 Find
040 -Instytucja sporządzająca opis [ , ]
    • a
    • Instytucja, która sporządziła opis (NP)
    • WR U/PAd
    • c
    • Instytucja, która sporządziła rekord (NP)
    • WR U/ap
    • d
    • Instytucja, która zmodyfikowała rekord (P)
    • WR U/jm
    • d
    • Instytucja, która zmodyfikowała rekord (P)
    • KR 7/DZs
942 -Rodzaj dokumentu [ , ]
    • c
    • Rodzaj dokumentu
    • Książka
100 -Hasło główne - nazwa osobowa [1, ]
    • a
    • Nazwa osobowa (NP)
    • Borodo, Andrzej
    • d
    • Daty biograficzne (NP)
    • (1949-2020).
    • 9
    • KHW
    • 38540
245 -Strefa tytułu i oznaczenia odpowiedzialności [1,0]
    • a
    • Tytuł
    • Gospodarka budżetowa państwa : Find
    • b
    • Ciąg dalszy tytułu (NP)
    • zagadnienia prawne / Find
    • c
    • Pozostałe elementy strefy tytułu i oznaczenia odpowiedzialności (NP)
    • Andrzej Borodo.
260 -Strefa adresu wydawniczego [ , ]
    • a
    • Miejsce wydania (P)
    • Toruń :
    • b
    • Nazwa wydawcy (P)
    • TNOiK "Dom Organizatora",
    • c
    • Data wydania (P)
    • 2004.
300 -Strefa opisu fizycznego [ , ]
    • a
    • Określenie formy książki i/lub objętość (NP)
    • 154 s. ;
    • c
    • Format (NP)
    • 24 cm.
336 -Typ zawartości [ , ]
    • a
    • Termin opisujący typ zawartości
    • Tekst
    • b
    • Kod określający zawartość
    • txt
    • 2
    • Źródło (terminu i kodu)
    • rdacontent
337 -Typ mediów [ , ]
    • a
    • Tryb odtwarzania
    • Bez urządzenia pośredniczącego
    • b
    • Kod typu mediów
    • n
    • 2
    • Źródło (terminu i kodu)
    • rdamedia
338 -Typ/rodzaj nośnika [ , ]
    • a
    • Hasło opisujące typ nośnika
    • Wolumin
    • b
    • Kod typu nośnika
    • nc
    • 2
    • Źródło (terminu i kodu)
    • rdacarrier
500 -Uwaga ogólna [ , ]
    • a
    • Uwaga ogólna (NP)
    • Opracowanie uwzględnia stan prawny na wrzesień 2004 r.
080 -Uniwersalna Klasyfikacja Dziesiętna [ , ]
    • a
    • Symbol klasyfikacji
    • 336.14(438)"1989/..."
080 -Uniwersalna Klasyfikacja Dziesiętna [ , ]
    • a
    • Symbol klasyfikacji
    • :336.52(438)"1989/..."
080 -Uniwersalna Klasyfikacja Dziesiętna [ , ]
    • a
    • Symbol klasyfikacji
    • :657.3(438)"1989/..."
650 -Hasło przedmiotowe [ ,7]
    • a
    • Hasło przedmiotowe
    • Budżet
    • x
    • Określnik rzeczowy
    • prawo
    • z
    • Określnik geograficzny
    • Polska
    • x
    • Określnik rzeczowy
    • legislacja.
    • 2
    • Źródło terminu
    • kaba
    • 9
    • KHW
    • 359029
650 -Hasło przedmiotowe [ ,7]
    • a
    • Hasło przedmiotowe
    • Finanse publiczne
    • x
    • Określnik rzeczowy
    • prawo
    • z
    • Określnik geograficzny
    • Polska.
    • 2
    • Źródło terminu
    • kaba
    • 9
    • KHW
    • 354546
650 -Hasło przedmiotowe [ ,7]
    • a
    • Hasło przedmiotowe
    • Ubezpieczenia społeczne
    • z
    • Określnik geograficzny
    • Polska
    • x
    • Określnik rzeczowy
    • finanse.
    • 2
    • Źródło terminu
    • kaba
    • 9
    • KHW
    • 390014
980 -Symbol UKD [ , ]
    • a
    • UKD
    • 336.14:336.52:657.3](438)"1989/..."
710 -Hasło dodatkowe - nazwa ciała zbiorowego [2, ]
    • a
    • Nazwa ciała zbiorowego lub nazwa geograficzna jako pierwszy element (NP)
    • Towarzystwo Naukowe Organizacji i Kierownictwa.
    • b
    • Nazwa jednostki podrzędnej (P)
    • Dom Organizatora.
    • 4
    • Kod relacji
    • pbl
    • 9
    • KHW
    • 53670
920 -ISBN [ , ]
    • a
    • ISBN
    • 83-7285-073-9 Find
Data inwentaryzacji Lokalizacja Sygnatura Numer inwentarzowy Status udost.
2005-02-16BE E.69568-2
2005-02-16BE S.91549-2
2016-02-16GW336GW.5750-2
2004-12-21T T.8308-2